• 首页
  • 本馆介绍
  • 公告通知
  • 最新文献
  • 馆藏检索
  • 电子资源
  • 读者导购
  • 参考咨询
  • 我的图书馆
  • 登录
  • 详细信息显示
  • 放入我的书架
  • 预约/预借图书
  • 作者相关作品
  • 分类相关作品
  • 丛书相关作品
  • 出版社相关作品

书目信息

  • 表格格式
  • 工作单格式
  • 卡片格式
题名:
墙·饰
    
 
作者: ;度本图书编辑工作室 编著
分册:  
出版信息: 北京   中国青年出版社  2014.7
页数: 235页
开本: 29cm
丛书名:
单 册:
中图分类: TU241.02-
科图分类:
主题词: 住宅--装饰墙--室内装饰设计--图集 , 住宅 , 装饰墙 , 室内装饰设计
电子资源:
ISBN: 978-7-5153-2489-0
000 01173nam0 2200289 450
001 0400003960
005 20171023083639.0
010    @a978-7-5153-2489-0@dCNY118.00
100    @a20171023e20172014em y0chiy ea
101 0  @achi@eeng
102    @aCN@b110000
105    @aa z 000yy
106    @ar
200 1  @a墙·饰@9qiang · shi@dArt on the wall@e点亮空间的全球最佳室内设计创意@f度本图书(Dopress Books)编著@zeng
210    @a北京@c中国青年出版社@d2014.7@h2017.7
215    @a235页@d29cm
330    @a本书在全球范围内精选了一百多个最具表现力的最新设计案例,包括从背景墙纸到手绘墙画,从创新材料与造型到灯光表现等各种形式的墙饰。依据墙饰应用的环境类型,分为办公空间、酒吧与餐厅、家居空间、特色小店以及展示空间五个部分。
510 1  @aArt on the wall@zeng
517 1  @a点亮空间的全球最佳室内设计创意@9dian liang kong jian de quan qiu zui jia shi nei she ji chuang yi
606 0  @a住宅@x装饰墙@x室内装饰设计@j图集
606 0  @a住宅
606 0  @a装饰墙
606 0  @a室内装饰设计
690    @aTU241.02-@v5
711 02 @a度本图书编辑工作室@9du ben tu shu bian ji gong zuo shi@4编著
801  0 @aCN@b91MARC@c20171023
905    @b1036666-70@dTU241.02-@f5@e1277
    
    墙·饰=Art on the wall:点亮空间的全球最佳室内设计创意/度本图书(Dopress Books)编著.-北京:中国青年出版社,2014.7(2017.7)
    235页;29cm
    
    
    ISBN 978-7-5153-2489-0:CNY118.00
    本书在全球范围内精选了一百多个最具表现力的最新设计案例,包括从背景墙纸到手绘墙画,从创新材料与造型到灯光表现等各种形式的墙饰。依据墙饰应用的环境类型,分为办公空间、酒吧与餐厅、家居空间、特色小店以及展示空间五个部分。
●
相关链接 在E读中查询图书 在五车中查询图书 在当当中查询图书 在豆瓣中查询图书


正题名:墙·饰     索取号:TU241.02-/1277         预约/预借

序号 登录号 条形码 馆藏地/架位号 状态 备注
1 1036666   210366664   第二样本阅览室/ [索取号:TU241.02-/1277] 在馆    
2 1036667   210366673   第三借阅区/ [索取号:TU241.02-/1277] 在馆    
3 1036668   210366682   第三借阅区/ [索取号:TU241.02-/1277] 在馆    
4 1036669   210366691   第三借阅区/ [索取号:TU241.02-/1277] 在馆    
5 1036670   210366708   密集书库-生命科学系/ [索取号:TU241.02-/1277] 在馆    
唐山师范学院图书馆 欢迎您!
大连网信软件有限公司© 版权所有